000 00655nab a2200241 a 4500
005 20210219162144.0
008 991125s1985 mx 000 0 spa u
035 _aUPN01000198672
049 _aART
100 1 _aCastellanos, Vicente
100 1 _aGonzález, Daniel
222 _aREVISTA DE ESTUDIOS DE JUVENTUD
245 _a¿ Qué puede aportar la neurociencia al marketing y a la investigación de mercados ?
260 _aEspaña
300 _a51-68
362 0 _a2013 No. 103, dic.
653 0 _aNEUROCIENCIA
653 0 _aNEUROMARKETING
653 0 _aEMOCIONES
653 0 _aPUBLICIDAD
653 0 _aTWITTER
905 _aArticulo
999 _c170773
_d170773